Popularne numery rap/trap tygodnia 01-07.01 Spotify. - Statystyki

Ogólne statystyki
  • Ten quiz został rozwiązany 13 razy
  • Średni wynik to 18 z 30
Statystyki odpowiedzi
Artysta Odsłuchania Utwór % Poprawnych
Guzior 776K BLUEBERRY
92%
Quebonafide, Daria Zawiałow 386K BUBBLETEA
92%
Wiatr, Sobel, Be Vis 489K Testarossa
92%
Guzior, Oskar83 657K FALA
85%
Żabson, Mata 237K Aromatyczne Przyprawy
77%
Sobel 442K Kinol
77%
Żabson, Vladimir Cauchemar 601K OBOK
77%
Żabson, Young Leosia, Beteo, Borucci 296K ULALA
77%
Reto 426K Billy Kid
69%
Alberto 302K Dwutakt
69%
Kizo, Trill Pem 340K Fitness
69%
Sobel 382K Impreza
69%
Qry, Mini Majk 273K Mały ale wariat
69%
Kabe 377K Nad ranem
69%
Mata, Wyguś, Szczepan, Adam 261K GOMBAO 33
62%
Favst, Gibbs, Kukon 298K halo
62%
Taco Hemingway, Bedoes 237K Europa
54%
Taco Hemingway 298K Polskie Tango
54%
Mata 244K Schodki
54%
Guzior 368K TRAPSTAR
54%
Bedoes, Lanek 372K Chrome Hearts /
46%
Wac Toja 260K Kapitan
46%
Quebonafide, Mick Jenkins 493K MATCHA LATTE
46%
Kukon, Quebonafide 343K Piję wódę i słucham Ich Troje
46%
Quebonafide 323K TEEN KASIA
46%
Bedoes, Lanek 958K TOA$T /
46%
chillwagon 239K jeden jeden
38%
Quebonafide, Taco Hemingway 237K TOKYO2020
31%
Bedoes, Lanek 240K VOGUE
31%
Chivas, White 2115 310K Mam Na Twarzy Krew I Tym Razem Nie Jest Sztuczna
15%
Nie znaleziono quizów pasujących do podanych kryteriów
Rozkład punktacji
Procent ludzi z każdym wynikiem
Percentyl według liczby udzielonych odpowiedzi
Twoja historia wyników
Nie rozwiązałeś tego quizu